[Event "2025 National K-12 Grade Championship"]
[Site "Spokane, WI USA, United States"]
[Date "2025.12.13"]
[Round "3.20"]
[White "Goodrich, Elliott"]
[Black "Tam, Ivan"]
[Result "1-0"]
[TimeControl "G/90; d10"]
[WhiteFideId "39902064"]
[BlackFideId "39974855"]
[WhiteElo "2225"]
[BlackElo "1825"]

1. e4 {[%clk 01:30:00]} {[%emt 00:00:01]} c6 {[%clk 01:30:00]} {[%emt
00:00:04]} 2. Nc3 {[%clk 01:30:00]} {[%emt 00:00:04]} d5 {[%clk 01:30:00]}
{[%emt 00:00:06]} 3. Nf3 {[%clk 01:30:00]} {[%emt 00:00:03]} dxe4 {[%clk
01:29:54]} {[%emt 00:00:17]} 4. Nxe4 {[%clk 01:30:00]} {[%emt 00:00:02]} Nf6
{[%clk 01:29:52]} {[%emt 00:00:13]} 5. Qe2 {[%clk 01:30:00]} {[%emt 00:00:05]}
Nxe4 {[%clk 01:27:27]} {[%emt 00:02:35]} 6. Qxe4 {[%clk 01:29:35]} {[%emt
00:00:35]} Qd5 {[%clk 01:27:20]} {[%emt 00:00:17]} 7. Qf4 {[%clk 01:29:35]}
{[%emt 00:00:07]} Qd6 {[%clk 01:24:47]} {[%emt 00:02:43]} 8. Qe3 {[%clk
01:27:26]} {[%emt 00:02:18]} Bf5 {[%clk 01:24:25]} {[%emt 00:00:32]} 9. b3
{[%clk 01:25:13]} {[%emt 00:02:24]} Nd7 {[%clk 01:20:15]} {[%emt 00:04:19]} 10.
Bb2 {[%clk 01:24:33]} {[%emt 00:00:49]} e6 {[%clk 01:15:16]} {[%emt 00:05:10]}
11. Be2 {[%clk 01:19:11]} {[%emt 00:05:32]} Qc5 {[%clk 01:05:47]} {[%emt
00:09:38]} 12. c4 {[%clk 01:16:56]} {[%emt 00:02:24]} Qxe3 {[%clk 01:05:20]}
{[%emt 00:00:38]} 13. fxe3 {[%clk 01:16:56]} {[%emt 00:00:08]} O-O-O {[%clk
01:04:30]} {[%emt 00:01:01]} 14. O-O {[%clk 01:12:26]} {[%emt 00:04:40]} h6
{[%clk 01:00:46]} {[%emt 00:03:54]} 15. Nh4 {[%clk 01:11:30]} {[%emt 00:01:06]}
Bg6 {[%clk 00:54:56]} {[%emt 00:06:01]} 16. Nxg6 {[%clk 01:09:26]} {[%emt
00:02:14]} fxg6 {[%clk 00:54:50]} {[%emt 00:00:16]} 17. Bg4 {[%clk 01:09:25]}
{[%emt 00:00:10]} Nc5 {[%clk 00:53:09]} {[%emt 00:01:51]} 18. Bd4 {[%clk
01:09:10]} {[%emt 00:00:25]} a5 {[%clk 00:43:59]} {[%emt 00:09:21]} 19. Rxf8
{[%clk 01:08:15]} {[%emt 00:01:05]} Rhxf8 {[%clk 00:43:27]} {[%emt 00:00:41]}
20. Bxc5 {[%clk 01:08:15]} Rfe8 {[%clk 00:42:49]} {[%emt 00:00:49]} 21. d4
{[%clk 01:06:01]} {[%emt 00:02:24]} Kc7 {[%clk 00:41:25]} {[%emt 00:01:33]} 22.
Rf1 {[%clk 01:04:57]} {[%emt 00:01:14]} Rd7 {[%clk 00:39:45]} {[%emt 00:01:50]}
23. h4 {[%clk 01:04:04]} {[%emt 00:01:02]} b6 {[%clk 00:39:11]} {[%emt
00:00:45]} 24. Ba3 {[%clk 01:04:04]} {[%emt 00:00:07]} Kb7 {[%clk 00:30:28]}
{[%emt 00:08:53]} 25. d5 {[%clk 01:02:21]} {[%emt 00:01:54]} cxd5 {[%clk
00:28:49]} {[%emt 00:01:49]} 26. cxd5 {[%clk 01:02:21]} {[%emt 00:00:01]} Rc7
{[%clk 00:28:47]} {[%emt 00:00:12]} 27. d6 {[%clk 01:01:30]} {[%emt 00:01:00]}
Rc2 {[%clk 00:25:15]} {[%emt 00:03:42]} 28. Rf7+ {[%clk 01:01:11]} {[%emt
00:00:29]} Kb8 {[%clk 00:24:48]} {[%emt 00:00:37]} 29. d7 {[%clk 01:01:11]}
{[%emt 00:00:06]} Rd8 {[%clk 00:24:48]} {[%emt 00:00:04]} 30. Bd6+ {[%clk
01:01:03]} {[%emt 00:00:18]} Kb7 {[%clk 00:24:47]} {[%emt 00:00:11]} 31. Bxe6
{[%clk 01:00:47]} {[%emt 00:00:26]} Rd2 {[%clk 00:24:14]} {[%emt 00:00:43]} 32.
Be7 {[%clk 01:00:35]} {[%emt 00:00:22]} R8xd7 {[%clk 00:24:14]} {[%emt
00:00:08]} 33. Bxd7 {[%clk 01:00:35]} {[%emt 00:00:05]} Rxd7 {[%clk 00:24:14]}
{[%emt 00:00:08]} 34. Rxg7 {[%clk 01:00:35]} {[%emt 00:00:02]} Kc6 {[%clk
00:24:10]} {[%emt 00:00:14]} 35. Rxg6+ {[%clk 01:00:35]} {[%emt 00:00:08]} Kd5
{[%clk 00:24:10]} {[%emt 00:00:09]} 36. Ba3 {[%clk 01:00:35]} {[%emt 00:00:11]}
Ke4 {[%clk 00:24:10]} {[%emt 00:00:04]} 37. Re6+ {[%clk 01:00:35]} {[%emt
00:00:06]} Kf5 {[%clk 00:24:10]} {[%emt 00:00:08]} 38. Rxb6 {[%clk 01:00:35]}
{[%emt 00:00:06]} Rd1+ {[%clk 00:24:04]} {[%emt 00:00:15]} 39. Kf2 {[%clk
01:00:10]} {[%emt 00:00:34]} Rd2+ {[%clk 00:24:04]} {[%emt 00:00:06]} 40. Kf3
{[%clk 01:00:10]} Rxa2 {[%clk 00:24:04]} {[%emt 00:00:07]} 41. Bf8 {[%clk
01:00:03]} {[%emt 00:00:17]} a4 {[%clk 00:24:03]} {[%emt 00:00:11]} 42. e4+
{[%clk 01:00:03]} {[%emt 00:00:05]} Ke5 {[%clk 00:24:03]} {[%emt 00:00:05]} 43.
Bg7# {[%emt 00:00:03]} 1-0

[Event "2025 National K-12 Grade Championship"]
[Site "Spokane, WI USA, United States"]
[Date "2025.12.13"]
[Round "3.21"]
[White "Debmisra, Ariv"]
[Black "Toth, Joseph"]
[Result "1-0"]
[TimeControl "G/90; d10"]
[WhiteFideId "39900207"]
[BlackFideId "39941582"]
[WhiteElo "2143"]
[BlackElo "1800"]

1. e4 {[%clk 01:30:00]} {[%emt 00:00:03]} Nf6 {[%clk 01:29:52]} {[%emt
00:00:18]} 2. e5 {[%clk 01:30:00]} {[%emt 00:00:07]} Nd5 {[%clk 01:29:52]}
{[%emt 00:00:04]} 3. c4 {[%clk 01:30:00]} {[%emt 00:00:06]} Nb6 {[%clk
01:29:52]} {[%emt 00:00:10]} 4. d4 {[%clk 01:30:00]} {[%emt 00:00:05]} d6
{[%clk 01:29:29]} {[%emt 00:00:32]} 5. exd6 {[%clk 01:30:00]} {[%emt 00:00:11]}
cxd6 {[%clk 01:29:29]} {[%emt 00:00:07]} 6. Nf3 {[%clk 01:30:00]} {[%emt
00:00:04]} g6 {[%clk 01:28:58]} {[%emt 00:00:41]} 7. Be3 {[%clk 01:29:44]}
{[%emt 00:00:27]} Bg7 {[%clk 01:28:36]} {[%emt 00:00:32]} 8. Qd2 {[%clk
01:29:32]} {[%emt 00:00:23]} Bg4 {[%clk 01:26:21]} {[%emt 00:02:23]} 9. Nc3
{[%clk 01:27:24]} {[%emt 00:02:19]} O-O {[%clk 01:24:46]} {[%emt 00:01:44]} 10.
Bh6 {[%clk 01:27:15]} {[%emt 00:00:19]} Nc6 {[%clk 01:23:45]} {[%emt 00:01:11]}
11. d5 {[%clk 01:25:47]} {[%emt 00:01:39]} Bxf3 {[%clk 01:17:04]} {[%emt
00:06:50]} 12. dxc6 {[%clk 01:24:49]} {[%emt 00:01:09]} Bxc6 {[%clk 01:15:16]}
{[%emt 00:01:59]} 13. h4 {[%clk 01:24:09]} {[%emt 00:00:50]} Qd7 {[%clk
01:13:50]} {[%emt 00:01:36]} 14. O-O-O {[%clk 01:22:23]} {[%emt 00:01:55]} f6
{[%clk 00:51:52]} {[%emt 00:22:08]} 15. Bd3 {[%clk 01:13:03]} {[%emt 00:09:30]}
e6 {[%clk 00:44:41]} {[%emt 00:07:21]} 16. Rh3 {[%clk 01:10:53]} {[%emt
00:02:20]} Bxh6 {[%clk 00:38:02]} {[%emt 00:06:49]} 17. Qxh6 {[%clk 01:10:53]}
{[%emt 00:00:09]} Qg7 {[%clk 00:38:02]} {[%emt 00:00:05]} 18. Qd2 {[%clk
01:08:43]} {[%emt 00:02:21]} Rad8 {[%clk 00:33:11]} {[%emt 00:05:00]} 19. f4
{[%emt 00:03:01]} d5 {[%clk 00:28:48]} {[%emt 00:04:31]} 20. c5 {[%clk
01:04:40]} {[%emt 00:01:24]} Nd7 {[%clk 00:25:02]} {[%emt 00:03:55]} 21. h5
{[%clk 01:04:16]} {[%emt 00:00:34]} Kf7 {[%clk 00:20:36]} {[%emt 00:04:36]} 22.
Rdh1 {[%clk 01:03:27]} {[%emt 00:01:00]} Rh8 {[%clk 00:17:52]} {[%emt
00:02:53]} 23. hxg6+ {[%clk 00:42:55]} {[%emt 00:20:43]} hxg6 {[%clk 00:15:10]}
{[%emt 00:02:51]} 24. Bxg6+ {[%clk 00:42:05]} {[%emt 00:01:00]} Qxg6 {[%clk
00:14:43]} {[%emt 00:00:38]} 25. Rxh8 {[%clk 00:42:05]} {[%emt 00:00:10]} Rxh8
{[%clk 00:14:43]} {[%emt 00:00:02]} 26. Rxh8 {[%clk 00:42:05]} Nxc5 {[%clk
00:14:40]} {[%emt 00:00:14]} 27. Qc2 {[%clk 00:41:00]} {[%emt 00:01:15]} f5
{[%clk 00:13:07]} {[%emt 00:01:43]} 28. Nxd5 {[%clk 00:40:04]} {[%emt
00:01:06]} Qg3 {[%clk 00:11:07]} {[%emt 00:02:09]} 29. Qxc5 {[%clk 00:17:53]}
{[%emt 00:22:22]} Qe1+ {[%clk 00:11:04]} {[%emt 00:00:13]} 30. Kc2 {[%clk
00:17:53]} {[%emt 00:00:04]} Qe2+ {[%clk 00:11:04]} {[%emt 00:00:02]} 31. Kb1
{[%clk 00:17:37]} {[%emt 00:00:25]} Qe1+ {[%clk 00:08:44]} {[%emt 00:02:29]} 32.
Qc1 {[%clk 00:17:34]} {[%emt 00:00:14]} Qe4+ {[%clk 00:08:44]} {[%emt
00:00:03]} 33. Ka1 {[%clk 00:17:34]} {[%emt 00:00:06]} Qxd5 {[%clk 00:08:17]}
{[%emt 00:00:37]} 34. Qh1 {[%clk 00:17:33]} {[%emt 00:00:09]} Qxg2 {[%clk
00:07:30]} {[%emt 00:00:59]} 35. Qh7+ {[%clk 00:17:33]} {[%emt 00:00:08]} Qg7
{[%clk 00:07:30]} {[%emt 00:00:05]} 36. Qh5+ {[%emt 00:00:12]} 1-0

[Event "2025 National K-12 Grade Championship"]
[Site "Spokane, WI USA, United States"]
[Date "2025.12.13"]
[Round "3.22"]
[White "Balaji, Tanav"]
[Black "Liu, Liam"]
[Result "0-1"]
[TimeControl "G/90; d10"]
[WhiteFideId "39939537"]
[BlackFideId "39918270"]
[WhiteElo "1797"]
[BlackElo "2117"]

1. d4 {[%clk 01:30:00]} {[%emt 00:00:05]} Nf6 {[%clk 01:29:05]} {[%emt
00:01:05]} 2. c4 {[%clk 01:30:00]} {[%emt 00:00:08]} g6 {[%clk 01:29:05]}
{[%emt 00:00:04]} 3. Nc3 {[%clk 01:30:00]} {[%emt 00:00:05]} d5 {[%clk
01:29:05]} {[%emt 00:00:04]} 4. Nf3 {[%clk 01:30:00]} {[%emt 00:00:09]} Bg7
{[%clk 01:29:05]} {[%emt 00:00:06]} 5. e3 {[%clk 01:30:00]} {[%emt 00:00:08]}
O-O {[%clk 01:26:34]} {[%emt 00:02:41]} 6. cxd5 {[%clk 01:27:48]} {[%emt
00:02:23]} Nxd5 {[%clk 01:26:34]} {[%emt 00:00:07]} 7. Bc4 {[%clk 01:27:38]}
{[%emt 00:00:19]} Nxc3 {[%clk 01:24:01]} {[%emt 00:02:43]} 8. bxc3 {[%clk
01:27:38]} {[%emt 00:00:04]} c5 {[%clk 01:24:01]} {[%emt 00:00:08]} 9. O-O
{[%clk 01:26:15]} {[%emt 00:01:33]} cxd4 {[%clk 01:23:03]} {[%emt 00:01:09]} 10.
cxd4 {[%clk 01:25:37]} {[%emt 00:00:48]} Nc6 {[%clk 01:23:03]} {[%emt
00:00:07]} 11. Bb2 {[%clk 01:21:45]} {[%emt 00:04:01]} a6 {[%clk 01:21:44]}
{[%emt 00:01:30]} 12. Qd2 {[%clk 01:18:38]} {[%emt 00:03:17]} b5 {[%clk
01:20:17]} {[%emt 00:01:37]} 13. Be2 {[%clk 01:16:16]} {[%emt 00:02:31]} Bf5
{[%clk 01:14:20]} {[%emt 00:06:07]} 14. Rac1 {[%clk 01:15:29]} {[%emt
00:00:57]} Qd7 {[%clk 01:05:55]} {[%emt 00:08:34]} 15. Rfd1 {[%clk 01:14:10]}
{[%emt 00:01:29]} e6 {[%clk 00:53:08]} {[%emt 00:12:59]} 16. Ne1 {[%clk
01:01:10]} {[%emt 00:13:09]} Be4 {[%clk 00:44:38]} {[%emt 00:08:39]} 17. Nd3
{[%clk 00:54:21]} {[%emt 00:06:59]} Bxd3 {[%clk 00:44:01]} {[%emt 00:00:48]} 18.
Bxd3 {[%clk 00:52:57]} {[%emt 00:01:34]} Rfd8 {[%clk 00:40:31]} {[%emt
00:03:40]} 19. Be4 {[%clk 00:51:29]} {[%emt 00:01:38]} Rac8 {[%clk 00:39:26]}
{[%emt 00:01:14]} 20. h3 {[%clk 00:49:15]} {[%emt 00:02:24]} Ne7 {[%clk
00:29:49]} {[%emt 00:09:47]} 21. Qa5 {[%clk 00:46:33]} {[%emt 00:02:50]} Qa7
{[%clk 00:26:26]} {[%emt 00:03:35]} 22. Ba3 {[%clk 00:45:42]} {[%emt 00:01:00]}
Nd5 {[%clk 00:25:30]} {[%emt 00:01:06]} 23. Rxc8 {[%clk 00:34:08]} {[%emt
00:11:44]} Rxc8 {[%clk 00:25:30]} {[%emt 00:00:05]} 24. Bxd5 {[%clk 00:27:45]}
{[%emt 00:06:32]} exd5 {[%clk 00:25:25]} {[%emt 00:00:15]} 25. Rc1 {[%clk
00:26:10]} {[%emt 00:01:45]} Rxc1+ {[%clk 00:22:29]} {[%emt 00:03:07]} 26. Bxc1
{[%clk 00:25:43]} {[%emt 00:00:38]} Bf8 {[%clk 00:21:23]} {[%emt 00:01:16]} 27.
Qd8 {[%clk 00:23:50]} {[%emt 00:02:02]} Qb7 {[%clk 00:21:23]} {[%emt 00:00:05]}
28. Qe8 {[%clk 00:18:08]} {[%emt 00:05:51]} b4 {[%clk 00:18:29]} {[%emt
00:03:05]} 29. Bd2 {[%clk 00:17:21]} {[%emt 00:00:57]} a5 {[%clk 00:18:13]}
{[%emt 00:00:27]} 30. Kf1 {[%clk 00:12:36]} {[%emt 00:04:53]} Qc7 {[%clk
00:17:41]} {[%emt 00:00:43]} 31. Qa4 {[%clk 00:10:10]} {[%emt 00:02:35]} Bd6
{[%clk 00:15:49]} {[%emt 00:02:01]} 32. Ke1 {[%clk 00:09:21]} {[%emt 00:00:59]}
Qb6 {[%clk 00:13:54]} {[%emt 00:02:06]} 33. Qe8+ {[%clk 00:08:39]} {[%emt
00:00:52]} Kg7 {[%clk 00:13:19]} {[%emt 00:00:45]} 34. Qd7 {[%clk 00:07:40]}
{[%emt 00:01:08]} Qa6 {[%clk 00:13:04]} {[%emt 00:00:26]} 35. Qa4 {[%clk
00:06:57]} {[%emt 00:00:53]} Bc7 {[%clk 00:13:00]} {[%emt 00:00:14]} 36. a3
{[%clk 00:05:52]} {[%emt 00:01:16]} bxa3 {[%clk 00:12:43]} {[%emt 00:00:27]} 37.
Qxa3 {[%clk 00:05:52]} {[%emt 00:00:02]} Qb5 {[%clk 00:11:41]} {[%emt
00:01:12]} 38. Qc5 {[%clk 00:05:24]} {[%emt 00:00:36]} Qxc5 {[%clk 00:11:33]}
{[%emt 00:00:19]} 39. dxc5 {[%clk 00:05:24]} {[%emt 00:00:01]} Kf6 {[%clk
00:11:33]} {[%emt 00:00:10]} 40. Kd1 {[%clk 00:05:06]} {[%emt 00:00:28]} Ke6
{[%clk 00:11:30]} {[%emt 00:00:14]} 41. Kc2 {[%clk 00:04:40]} {[%emt 00:00:36]}
Kd7 {[%clk 00:11:22]} {[%emt 00:00:19]} 42. Kd3 {[%clk 00:02:38]} {[%emt
00:02:11]} Kc6 {[%clk 00:10:44]} {[%emt 00:00:49]} 43. Kd4 {[%clk 00:02:38]}
{[%emt 00:00:05]} Bd8 {[%clk 00:10:22]} {[%emt 00:00:33]} 44. e4 {[%clk
00:02:18]} {[%emt 00:00:30]} dxe4 {[%clk 00:09:57]} {[%emt 00:00:34]} 45. Kxe4
{[%clk 00:01:47]} {[%emt 00:00:41]} Kxc5 {[%clk 00:09:57]} {[%emt 00:00:01]} 46.
Ke5 {[%clk 00:01:33]} {[%emt 00:00:24]} a4 {[%clk 00:09:53]} {[%emt 00:00:14]}
47. Bc1 {[%clk 00:01:07]} {[%emt 00:00:35]} Kc4 {[%clk 00:09:29]} {[%emt
00:00:35]} 48. Kd6 {[%clk 00:01:07]} {[%emt 00:00:01]} Bf6 {[%clk 00:09:29]}
{[%emt 00:00:06]} 49. Kd7 {[%clk 00:01:05]} {[%emt 00:00:12]} Kb3 {[%clk
00:09:29]} {[%emt 00:00:08]} 50. Ke8 {[%clk 00:00:33]} {[%emt 00:00:42]} Bb2
{[%clk 00:09:29]} {[%emt 00:00:02]} 51. Bxb2 {[%clk 00:00:31]} {[%emt
00:00:13]} Kxb2 {[%clk 00:09:29]} {[%emt 00:00:01]} 52. Kxf7 {[%clk 00:00:31]}
{[%emt 00:00:06]} a3 {[%clk 00:09:29]} {[%emt 00:00:04]} 53. Kg7 {[%clk
00:00:31]} {[%emt 00:00:03]} a2 {[%clk 00:09:15]} {[%emt 00:00:24]} 54. Kxh7
{[%clk 00:00:31]} {[%emt 00:00:03]} a1=Q {[%clk 00:09:15]} {[%emt 00:00:09]} 55.
Kxg6 {[%clk 00:00:31]} {[%emt 00:00:02]} Qg1 {[%clk 00:09:03]} {[%emt
00:00:22]} 56. g4 {[%clk 00:00:31]} {[%emt 00:00:09]} Qxf2 {[%clk 00:08:44]}
{[%emt 00:00:29]} 57. Kh5 {[%clk 00:00:31]} {[%emt 00:00:07]} Kc3 {[%clk
00:08:08]} {[%emt 00:00:46]} 58. h4 {[%clk 00:00:31]} {[%emt 00:00:06]} Kd4
{[%clk 00:08:08]} {[%emt 00:00:03]} 59. g5 {[%clk 00:00:31]} {[%emt 00:00:03]}
Ke5 {[%clk 00:08:08]} {[%emt 00:00:02]} 60. Kg4 {[%clk 00:00:31]} {[%emt
00:00:08]} Qe2+ {[%clk 00:08:08]} {[%emt 00:00:08]} 61. Kg3 {[%clk 00:00:25]}
{[%emt 00:00:15]} Kf5 {[%clk 00:08:08]} {[%emt 00:00:04]} 62. Kh3 {[%clk
00:00:25]} {[%emt 00:00:10]} Qg4+ {[%clk 00:08:08]} {[%emt 00:00:08]} 63. Kh2
{[%clk 00:00:25]} {[%emt 00:00:03]} Kf4 {[%clk 00:08:08]} {[%emt 00:00:03]} 64.
g6 {[%clk 00:00:25]} {[%emt 00:00:05]} Qg3+ {[%clk 00:08:08]} {[%emt 00:00:04]}
65. Kh1 {[%clk 00:00:25]} {[%emt 00:00:04]} Kf3 {[%clk 00:08:08]} {[%emt
00:00:02]} 66. g7 {[%clk 00:00:25]} {[%emt 00:00:03]} Qg2# {[%emt 00:00:01]}
0-1

[Event "2025 National K-12 Grade Championship"]
[Site "Spokane, WI USA, United States"]
[Date "2025.12.13"]
[Round "3.23"]
[White "Paragiri, Reyansh"]
[Black "Baksi, Antariksh"]
[Result "1/2-1/2"]
[TimeControl "G/90; d10"]
[WhiteFideId "30997704"]
[BlackFideId "30988748"]
[WhiteElo "2131"]
[BlackElo "1731"]

1. e4 {[%clk 01:30:00]} e5 {[%clk 01:30:00]} {[%emt 00:00:09]} 2. Nf3 {[%clk
01:30:00]} {[%emt 00:00:04]} Nc6 {[%clk 01:30:00]} {[%emt 00:00:08]} 3. d4
{[%clk 01:30:00]} {[%emt 00:00:07]} exd4 {[%clk 01:29:58]} {[%emt 00:00:13]} 4.
Bc4 {[%clk 01:30:00]} {[%emt 00:00:04]} Nf6 {[%clk 01:29:44]} {[%emt 00:00:24]}
5. e5 {[%clk 01:30:00]} {[%emt 00:00:06]} d5 {[%clk 01:29:44]} {[%emt
00:00:09]} 6. Bb5 {[%clk 01:30:00]} {[%emt 00:00:06]} Ne4 {[%clk 01:29:39]}
{[%emt 00:00:14]} 7. Nxd4 {[%clk 01:30:00]} {[%emt 00:00:10]} Bc5 {[%clk
01:29:22]} {[%emt 00:00:27]} 8. Be3 {[%clk 01:29:21]} {[%emt 00:00:50]} Bd7
{[%clk 01:24:58]} {[%emt 00:04:34]} 9. Bxc6 {[%clk 01:25:43]} {[%emt 00:03:48]}
bxc6 {[%clk 01:23:42]} {[%emt 00:01:26]} 10. O-O {[%clk 01:25:42]} {[%emt
00:00:11]} O-O {[%clk 01:22:58]} {[%emt 00:00:54]} 11. f3 {[%clk 01:23:41]}
{[%emt 00:02:12]} Ng5 {[%clk 01:22:47]} {[%emt 00:00:20]} 12. f4 {[%clk
01:23:35]} {[%emt 00:00:17]} Ne4 {[%clk 01:22:40]} {[%emt 00:00:18]} 13. Nd2
{[%clk 01:19:19]} {[%emt 00:04:26]} Nxd2 {[%clk 01:21:44]} {[%emt 00:01:05]} 14.
Qxd2 {[%clk 01:19:12]} {[%emt 00:00:18]} Bb6 {[%clk 01:20:53]} {[%emt
00:00:59]} 15. Nb3 {[%clk 01:16:44]} {[%emt 00:02:39]} Qe7 {[%clk 01:20:05]}
{[%emt 00:00:58]} 16. Qc3 {[%clk 01:14:32]} {[%emt 00:02:23]} f6 {[%clk
01:17:57]} {[%emt 00:02:18]} 17. Bc5 {[%clk 01:11:16]} {[%emt 00:03:27]} fxe5
{[%clk 01:15:54]} {[%emt 00:02:12]} 18. fxe5 {[%clk 01:11:04]} {[%emt
00:00:22]} Rxf1+ {[%clk 01:15:05]} 19. Rxf1 {[%clk 01:11:04]} {[%emt 00:01:02]}
Rf8 {[%clk 01:14:17]} {[%emt 00:00:58]} 20. Rxf8+ {[%clk 01:09:38]} {[%emt
00:01:37]} Qxf8 {[%clk 01:13:09]} {[%emt 00:01:18]} 21. Qe3 {[%clk 01:02:15]}
{[%emt 00:07:33]} Qf5 {[%clk 00:55:02]} {[%emt 00:18:16]} 22. Qf2 {[%clk
01:01:17]} {[%emt 00:01:08]} Kf7 {[%clk 00:42:42]} {[%emt 00:12:30]} 23. c3
{[%clk 00:57:54]} {[%emt 00:03:34]} Qxf2+ {[%clk 00:39:30]} {[%emt 00:03:22]}
24. Kxf2 {[%clk 00:57:54]} {[%emt 00:00:05]} Ke6 {[%clk 00:33:56]} {[%emt
00:05:44]} 25. Bd4 {[%clk 00:57:54]} {[%emt 00:00:08]} a6 {[%clk 00:28:58]}
{[%emt 00:05:08]} 26. Kf3 {[%clk 00:55:45]} {[%emt 00:02:18]} Kf5 {[%clk
00:24:29]} {[%emt 00:04:39]} 27. h3 {[%clk 00:53:42]} {[%emt 00:02:13]} h5
{[%clk 00:23:23]} {[%emt 00:01:16]} 28. Kg3 {[%clk 00:46:58]} {[%emt 00:06:54]}
g6 {[%clk 00:22:55]} {[%emt 00:00:39]} 29. Kf3 {[%clk 00:46:51]} {[%emt
00:00:16]} c5 {[%clk 00:21:48]} {[%emt 00:01:18]} 30. g4+ {[%clk 00:44:55]}
{[%emt 00:02:05]} hxg4+ {[%clk 00:21:09]} {[%emt 00:00:49]} 31. hxg4+ {[%clk
00:44:55]} {[%emt 00:00:05]} Ke6 {[%clk 00:20:52]} {[%emt 00:00:27]} 32. Nxc5+
{[%clk 00:41:06]} {[%emt 00:04:00]} Bxc5 {[%clk 00:20:50]} {[%emt 00:00:12]} 33.
Bxc5 {[%clk 00:41:06]} {[%emt 00:00:01]} Kxe5 {[%clk 00:20:48]} {[%emt
00:00:13]} 34. Bf2 {[%clk 00:40:51]} {[%emt 00:00:24]} Kf6 {[%clk 00:19:58]}
{[%emt 00:01:00]} 35. Kf4 {[%clk 00:40:51]} {[%emt 00:00:07]} g5+ {[%clk
00:19:33]} {[%emt 00:00:38]} 1/2-1/2

[Event "2025 National K-12 Grade Championship"]
[Site "Spokane, WI USA, United States"]
[Date "2025.12.13"]
[Round "3.24"]
[White "Boyer-Olson, Jack"]
[Black "Kaushik, Shlok"]
[Result "1-0"]
[TimeControl "G/90; d10"]
[WhiteFideId "39967735"]
[BlackFideId "39948803"]
[WhiteElo "2034"]
[BlackElo "1706"]

1. d4 {[%clk 01:30:00]} d5 {[%clk 01:29:58]} {[%emt 00:00:14]} 2. c4 {[%clk
01:30:00]} {[%emt 00:00:06]} c6 {[%clk 01:29:57]} {[%emt 00:00:12]} 3. Nc3
{[%clk 01:30:00]} {[%emt 00:00:05]} Nf6 {[%clk 01:29:44]} {[%emt 00:00:25]} 4.
Nf3 {[%clk 01:29:55]} {[%emt 00:00:14]} Bf5 {[%clk 01:29:38]} {[%emt 00:00:16]}
5. cxd5 {[%clk 01:29:49]} {[%emt 00:00:15]} Nxd5 {[%clk 01:23:27]} {[%emt
00:06:23]} 6. Nxd5 {[%clk 01:26:15]} {[%emt 00:03:43]} Qxd5 {[%clk 01:18:29]}
{[%emt 00:05:08]} 7. e3 {[%clk 01:26:00]} {[%emt 00:00:24]} Qd8 {[%clk
01:17:08]} {[%emt 00:01:31]} 8. Bc4 {[%clk 01:25:21]} {[%emt 00:00:50]} e6
{[%clk 01:16:55]} {[%emt 00:00:24]} 9. Bd2 {[%clk 01:24:27]} {[%emt 00:01:04]}
Bd6 {[%clk 01:16:04]} {[%emt 00:01:01]} 10. O-O {[%clk 01:23:39]} {[%emt
00:00:56]} O-O {[%clk 01:15:58]} {[%emt 00:00:18]} 11. Re1 {[%clk 01:22:42]}
{[%emt 00:01:07]} Bg4 {[%clk 01:05:59]} {[%emt 00:10:09]} 12. h3 {[%clk
01:21:45]} {[%emt 00:01:08]} Bxf3 {[%clk 01:02:58]} {[%emt 00:03:11]} 13. Qxf3
{[%clk 01:21:26]} {[%emt 00:00:24]} Nd7 {[%clk 01:02:51]} {[%emt 00:00:22]} 14.
Bc3 {[%clk 01:17:38]} {[%emt 00:03:57]} Nb6 {[%clk 00:58:23]} {[%emt 00:04:39]}
15. Bb3 {[%clk 01:14:26]} {[%emt 00:03:20]} Nd5 {[%clk 00:52:31]} {[%emt
00:06:03]} 16. Bd2 {[%clk 01:14:19]} {[%emt 00:00:16]} Qf6 {[%clk 00:47:36]}
{[%emt 00:05:05]} 17. Qxf6 {[%clk 01:10:05]} {[%emt 00:04:24]} Nxf6 {[%clk
00:47:34]} {[%emt 00:00:13]} 18. e4 {[%clk 01:08:57]} {[%emt 00:01:18]} Bc7
{[%clk 00:38:17]} {[%emt 00:09:26]} 19. g4 {[%clk 01:08:16]} {[%emt 00:00:51]}
Nd7 {[%clk 00:28:27]} {[%emt 00:10:01]} 20. f4 {[%clk 01:06:56]} {[%emt
00:01:31]} Kh8 {[%clk 00:26:31]} {[%emt 00:02:05]} 21. Kg2 {[%clk 01:04:48]}
{[%emt 00:02:18]} Bb6 {[%clk 00:24:19]} {[%emt 00:02:22]} 22. Bc3 {[%clk
01:04:27]} {[%emt 00:00:31]} Rae8 {[%clk 00:22:27]} {[%emt 00:02:01]} 23. Rac1
{[%clk 01:02:14]} {[%emt 00:02:25]} h6 {[%clk 00:19:13]} {[%emt 00:03:24]} 24.
h4 {[%clk 01:00:54]} {[%emt 00:01:29]} Kh7 {[%clk 00:18:33]} {[%emt 00:00:50]}
25. e5 {[%clk 00:45:41]} {[%emt 00:15:23]} Rg8 {[%clk 00:15:34]} {[%emt
00:03:09]} 26. f5 {[%clk 00:42:55]} {[%emt 00:02:56]} c5 {[%clk 00:12:31]}
{[%emt 00:03:14]} 27. d5 {[%clk 00:42:37]} {[%emt 00:00:27]} exf5 {[%clk
00:12:14]} {[%emt 00:00:28]} 28. gxf5 {[%clk 00:42:37]} {[%emt 00:00:01]} Rgf8
{[%clk 00:10:56]} {[%emt 00:01:29]} 29. d6 {[%clk 00:42:11]} {[%emt 00:00:35]}
Nb8 {[%clk 00:08:23]} {[%emt 00:02:43]} 30. e6 {[%clk 00:41:09]} {[%emt
00:01:12]} fxe6 {[%clk 00:08:08]} {[%emt 00:00:25]} 31. fxe6 {[%clk 00:41:09]}
{[%emt 00:00:01]} c4 {[%clk 00:06:45]} {[%emt 00:01:34]} 32. Bxc4 {[%clk
00:41:06]} {[%emt 00:00:12]} Rf2+ {[%clk 00:06:44]} {[%emt 00:00:11]} 33. Kh1
{[%clk 00:40:50]} {[%emt 00:00:25]} Ref8 {[%clk 00:05:51]} {[%emt 00:01:03]} 34.
Bd3+ {[%clk 00:40:50]} {[%emt 00:00:08]} Kh8 {[%clk 00:04:40]} {[%emt
00:01:21]} 35. e7 {[%clk 00:40:50]} {[%emt 00:00:02]} 1-0